Movies Quiz

Random Movies or Song Quiz

Disney Song Oscar Nominees Quiz Stats

 Plays Quiz Updated Jan 24, 2017

Support Sporcle.
Go Orange.
Score 0/28 Timer 04:00
0 Plays Today
Movie Song % Correct
FrozenLet It Go
82%
AladdinA Whole New World
77%
The Little MermaidUnder the Sea
76.2%
Beauty and the BeastBeauty and the Beast
74.9%
The Lion KingCircle of Life
73.2%
PinocchioWhen You Wish Upon A Star
72.3%
PocahontasColors of the Wind
69.8%
Beauty and the BeastBe Our Guest
66%
The Lion KingHakuna Matata
64.9%
The Lion KingCan You Feel the Love Tonight
61%
The Jungle BookThe Bare Necessities
54.2%
The Little MermaidKiss the Girl
49.9%
AladdinFriend Like Me
49.5%
Frozen IIInto the Unknown
46.6%
Movie Song % Correct
MoanaHow Far I'll Go
44.6%
Beauty and the BeastBelle
43.8%
TarzanYou'll Be in My Heart
41.3%
DumboBaby Mine
38.1%
HerculesGo the Distance
36.6%
TangledI See the Light
28.4%
The Princess and the FrogAlmost There
25.1%
CinderellaBibbidi-Bobbidi-Boo
23.7%
Robin HoodLove
15.4%
The Princess and the FrogDown in New Orleans
13.7%
Saludos AmigosSaludos Amigos
8.1%
BambiLove is a Song
7.5%
The Emperor's New GrooveMy Funny Friend and Me
6.8%
The RescuersSomeone's Waiting for You
6.2%

You're not logged in!

Compare scores with friends on all Sporcle quizzes.
OR
Log In

From the Vault

Famous...with a Top Hat!

by googlebird

Just think of all the amazing things you could store in these hats.
Remove Ads.
Support Sporcle.
Get the best of Sporcle when you Go Orange. This ad-free experience offers more features, more stats, and more fun while also helping to support Sporcle. Thank you for becoming a member.

Show Comments

Extras

Top Quizzes Today


Score Distribution

Your Account Isn't Verified!

In order to create a playlist on Sporcle, you need to verify the email address you used during registration. Go to your Sporcle Settings to finish the process.

Report this User

Report this user for behavior that violates our Community Guidelines.

Details: